Travels of Fah-hian and Sung-yun : Buddhist pilgrims, from China to India (400 A.D. and 518 A.D.) /

Bibliographic Details
Main Author: Faxian, approximately 337-approximately 422
Other Authors: Beal, Samuel, 1825-1889, Yang, Xuanzhi, -555?
Format: Book
Language:English
Chinese
Published: London : Susil Gupta, [1964]
Edition:[2d ed.].
Subjects:

MARC

Tag First Indicator Second Indicator Subfields
LEADER 00000cam a2200000 4500
001 in00000307367
005 20151010143809.0
008 730402s1964 enk b 00010 eng d
010 |a  67066343  
035 |a (OCoLC)00594117 
035 |9 ABH5791AM 
040 |c OBE  |d TXA  |d UtOrBLW 
041 1 |a eng  |a chi 
049 |a TXAM  |c [666087] 
090 |a DS6  |b .F33 1964 
100 0 |a Faxian,  |d approximately 337-approximately 422. 
245 1 0 |a Travels of Fah-hian and Sung-yun :  |b Buddhist pilgrims, from China to India (400 A.D. and 518 A.D.) /  |c Translated from the Chinese by Samuel Beal. 
250 |a [2d ed.]. 
264 1 |a London :  |b Susil Gupta,  |c [1964] 
300 |a lxxiii, 208 pages, 2 unnumbered pages 
336 |a text  |b txt  |2 rdacontent 
337 |a unmediated  |b n  |2 rdamedia 
338 |a volume  |b nc  |2 rdacarrier 
500 |a Name of distributor on mounted label: Hutchins Oriental Books, So. Pasadena, Calif. 
504 |a Bibliographical references included in "note": page [210]. 
505 0 |a Records of Buddhist countries, by Chi Fah Hian of the Sung dynasty (date 400 A.D.)--The mission of Hwui Seng and Sung Yun to obtain Buddhist books in the West (518 A.D.) [by Hsuan-chin Yang] Translated from the 5th section of the History of the temples of Lo-Yang (Honan Fu) 
600 1 0 |a Sung, Yún,  |d active 6th century. 
600 0 0 |a Hui-shéng,  |d active 6th century. 
650 0 |a Buddhism  |z China. 
651 0 |a India  |x Description and travel  |v Early works to 1800. 
700 1 |a Beal, Samuel,  |d 1825-1889. 
700 1 2 |a Yang, Xuanzhi,  |d -555?  |t Mission of Hwui and Sung Yun. 
999 |a MARS 
999 f f |s d8ca17b3-7381-3c24-adec-47788da9d241  |i 83b15575-fdbf-3e0e-9541-c4c7952e8189  |t 0 
952 f f |p ric  |a Texas A&M University  |b Rellis Campus  |c Joint Library Facility  |d Remote Storage  |t 0  |e DS6 .F33 1964  |h Library of Congress classification  |i unmediated -- volume  |m A14802021758 
998 f f |a DS6 .F33 1964  |t 0  |l Remote Storage